سیرۃ النبی (Record no. 65163)

MARC details
000 -LEADER
fixed length control field 00217nam a22001097a 4500
082 ## - DEWEY DECIMAL CLASSIFICATION NUMBER
Classification number 297.923ش ب ل
100 ## - MAIN ENTRY--AUTHOR NAME
Personal name شبلی
245 ## - TITLE STATEMENT
Title سیرۃ النبی
260 ## - PUBLICATION, DISTRIBUTION, ETC. (IMPRINT)
Place of publication کراچی
300 ## - PHYSICAL DESCRIPTION
Number of Pages ۲۱۴
942 ## - ADDED ENTRY ELEMENTS (KOHA)
Koha item type Books

No items available.